[Event "Livry Gargan op rap"]
[Site "Livry Gargan"]
[Date "2009.05.10"]
[Round "4"]
[White "Edouard, Romain"]
[Black "Ek, Sothea"]
[Result "1-0"]
[WhiteElo "2594"]
[BlackElo "1973"]
[PlyCount "61"]
[EventDate "2009.05.10"]
[EventType "swiss"]
[EventRounds "9"]
[EventCountry "FRA"]
[SourceTitle "CBM 130 Extra"]
[Source "ChessBase"]
[SourceDate "2009.07.02"]
[SourceVersion "2"]
[SourceVersionDate "2009.07.15"]
[SourceQuality "1"]

1. e4 e6 2. d4 d5 3. Nc3 Bb4 4. e5 Ne7 5. a3 Bxc3+ 6. bxc3 0-0 7. Bd3 f5 8. exf6 Rxf6 9. Bg5 Rf7 10. Nf3 Nbc6 11. 0-0 Qf8 12. Bxe7 Qxe7 13. Bb5 Nd8 14. Ne5 Rf6 15. f4 Nf7 16. Ng4 Rf5 17. Bd3 Nd6 18. Bxf5 exf5 19. Ne5 Ne4 20. Qd3 a5 21. c4 c6 22. c5 Be6 23. Rab1 Rc8 24. Rf3 g5 25. fxg5 Qxg5 26. Rxb7 Kh8 27. Rh3 h5 28. Qe2 Nf6 29. Ng6+ Qxg6 30. Qxe6 Re8 31. Rxh5+ 1-0